| 000 | 00469cam a2200181ua 4500 | ||
|---|---|---|---|
| 020 |
_a0-07-047982-8 _c112.20 |
||
| 041 |
_aeng _h |
||
| 082 |
_a621.4022 _bOZI/HE |
||
| 100 | _aOzisik, M Necati . | ||
| 245 |
_aHeat transfer : A basic approach / _cM Necati Ozisik. _hTextual Documents |
||
| 250 |
_a1 / _b. |
||
| 260 |
_a : _bMcGraw Hill Book Company , _c1985. |
||
| 300 | _a779 ; . | ||
| 365 | _a112.20 | ||
| 504 | _a | ||
| 942 | _cBK | ||
| 999 |
_c2178 _d2178 |
||